000 00503nam a2200181Ia 4500
001 864
005 20260306140549.0
008 260306t2007||||xx |||||||||||||| ||spa||
041 _aESP
082 _a170.4
_bF48
100 _aFigueroa , Maximiliano
_eAUT
245 0 _aFilosofía y solidaridad:
_bEstudios sobre Apel, Rawls, Ricoeur, Lévinas, Dussel, Derrida, Rorty y Van Parijs
260 _c2007
300 _a224 páginas :
_c23 cm.
650 _aGEN
654 _aCHU
942 _cLIB
_dJUS
_fJUS
_2ddc
_n
999 _c864
_d864